| 000 | 00887cas a2200241 a 4500 | ||
|---|---|---|---|
| 999 |
_c20192 _d20192 |
||
| 005 | 20180517103258.0 | ||
| 008 | 070228c20029999gw fr pss 0 0eng c | ||
| 022 | _y1612-9830 | ||
| 040 |
_aCO-BoIAVH _cCO-BoIAVH |
||
| 041 | 0 |
_aeng _afre _ager _aspa |
|
| 044 | _ack | ||
| 090 | _aSE | ||
| 245 | 0 | 0 | _aJournal of agriculture and rural development in the tropics and subtropics |
| 246 | 1 | _aJARTS | |
| 260 |
_aKassel [Germany] : _bKassel University Press _c[s.f.]. |
||
| 300 |
_bilustraciones y gráficas ; _c21 cm. |
||
| 650 | 2 | 6 |
_aAgricultura _zZona tropical _vPublicaciones periódicas |
| 650 | 2 | 6 |
_aDesarrollo rural _zZona tropical _vPublicaciones periódicas |
| 710 | 2 | _aUniversität Kassel | |
| 776 | 0 | 8 |
_tJournal of agriculture and rural development in the tropics and subtropics _x1612-9830 _w(OCoLC)61234761 |
| 780 | 0 | 0 | _tTropenlandwirt |
| 942 |
_2z _cREVISTA |
||